Statistics for [Geometry Dash] Extreme Demons by Letter - N

Click here to take the quiz!

General Stats

  • This quiz has been taken 55 times
    (20 since last reset)
  • The average score is 12 of 25

Answer Stats

Answer% Correct
SrGuillesterNhelv
80%
Metalface221N0
67%
MarwecNapalm
60%
T G INecromancer
60%
lTempNew Record
60%
vismuthNiflheim
60%
LmAnubisNight Rider
60%
YakobNuggetNightshade
60%
NamtarNecropoliX
53%
JenkinsNEUTRA
53%
Rlolnight party
53%
meowdeadnowdead
53%
Metalface221Never Beat It
47%
IShardIniflhel
47%
Tenoniwa
47%
theParadoxTeamno jokes
40%
GryllexNovalis
40%
doneditboyeNeon Guts
33%
reshiriaNeon Skyline
33%
ryli06NIGHTLIGHTS
33%
NeyvaShiftNovasphere
33%
SziluNunri
33%
ZeptozNightmare Chasm
27%
PikaSempaiNinobytte
27%
MofferNeRUaL
20%

Score Distribution

Percentile by Number Answered

Percent of People with Each Score

Your Score History

You have not taken this quiz since the last reset